000 00248nam a2200097Ia 4500
008 240331s9999 xx 000 0 und d
082 _bGUN
100 _aGunaratna, R
245 0 _aSri Lanka a lost revolution :
_bthe inside story of the JVP
942 _cL
999 _c2389
_d2389